[Event "EIRCC 2019"]
[Site "Tallinn"]
[Date "2019.12.05"]
[Round "7.8"]
[White "Mamedov, Rauf"]
[Black "Loginov, Valery A"]
[Result "1-0"]
[WhiteElo "2679"]
[BlackElo "2461"]
[Annotator "TA"]
[PlyCount "81"]
[EventDate "2019.12.05"]
[EventType "swiss"]
[EventCountry "EST"]
[SourceTitle "playchess.com"]
[Source "ChessBase"]
[SourceQuality "1"]

{[%evp 21,81,30,33,29,39,29,42,54,37,34,27,19,59,69,62,58,75,43,43,39,36,16,33,43,35,28,52,50,86,74,83,86,173,143,191,184,240,172,193,152,226,210,278,312,288,320,332,249,616,622,725,709,701,689,770,777,729,751,739,734,714,705]} 1. e4 c5 2. Nf3 d6 3. Nc3 Nc6 4. g3 g6 5. Bg2 Bg7 6. O-O Bg4 7. h3 Bxf3 8. Bxf3 Nf6 9. d3 O-O 10. Bg2 Nd7 11. a4 Rb8 12. Ne2 {B25: Closed Sicilian: 3 g3, lines without early Be3} a6 13. c3 b5 (13... Qb6) 14. axb5 {White is slightly better.} axb5 15. e5 $146 {[#] Strongly threatening e6.} ({Predecessor:} 15. d4 b4 16. e5 bxc3 17. bxc3 Qb6 18. Qa4 Rfc8 19. Be3 cxd4 20. cxd4 dxe5 21. dxe5 {0-1 (42) Rodriguez Gonzales,J-Littlewood,N Tel Aviv 1964}) 15... Qc7 16. exd6 exd6 17. Nf4 Nf6 18. Re1 b4 19. Be3 bxc3 20. bxc3 Ne7 21. g4 g5 22. Ne2 {[%cal Bf4e2,Be2g3,Bg3h5][%mdl 32]} h6 23. c4 Nd7 24. Ra6 Rfe8 25. Ng3 Rb6 26. Rxb6 Nxb6 (26... Qxb6 $16 27. f4 Bc3) 27. Bd2 Be5 28. Nh5 Kf8 (28... d5 $142) 29. f4 gxf4 30. Nxf4 Ng8 {[#]} (30... d5 $16) 31. Rf1 $1 $18 Bd4+ 32. Kh1 Kg7 33. Qf3 Re7 34. Ba5 {Threatens to win with Rb1.} Re3 $2 (34... Qa7) 35. Nh5+ {White is clearly winning.} Kh8 36. Qxf7 Qxf7 37. Rxf7 Na4 38. Be4 Rxe4 39. dxe4 Nb2 40. Nf4 {[%cal Rf4g6]} Nf6 41. e5 {Accuracy: White = 75%, Black = 42%.} 1-0

[Event "EIRCC 2019"]
[Site "Tallinn"]
[Date "2019.12.05"]
[Round "7.9"]
[White "Mohr, Georg"]
[Black "Turov, Maxim"]
[Result "0-1"]
[WhiteElo "2424"]
[BlackElo "2647"]
[Annotator "TA"]
[PlyCount "104"]
[EventDate "2019.12.05"]
[EventType "swiss"]
[EventCountry "EST"]
[SourceTitle "playchess.com"]
[Source "ChessBase"]
[SourceQuality "1"]

{[%evp 17,104,70,69,68,93,90,75,68,75,64,111,57,32,13,14,-43,-49,-33,-47,-48,-48,-55,-49,-64,-66,-107,-110,-105,-99,-119,-119,-116,-115,-107,-116,-127,-80,-114,-122,-164,-83,-83,-83,-83,-79,-99,-98,-99,-96,-100,-85,-87,-96,-147,-147,-155,-143,-206,-185,-171,-172,-176,-151,-275,-275,-288,-71,-284,-217,-197,-192,-426,-418,-426,-425,-411,-339,-331,-170,-197,0,-331,-323,-392,-392,-392,-362,-1589,-1495]} 1. e4 c6 2. d4 d5 3. Nc3 g6 4. h3 Bg7 5. Nf3 Nh6 6. Bf4 f6 7. exd5 cxd5 8. Nb5 Na6 9. c4 O-O 10. Qd2 {B15: Caro-Kann: 3 Nc3: 3...g6 and 3...dxe4 4 Nxe4 Nf6 5 Nxf6+ exf6} Nf7 11. cxd5 $1 Qxd5 12. Be2 $146 {White is better.} ({Predecessor:} 12. Nc3 Qd8 13. Bc4 e6 14. O-O Nd6 15. Bb3 Nc7 16. Rfe1 b6 17. Bg3 Rf7 {1-0 (64) Drazic,S (2461)-Vezzosi,P (2350) Cortina d'Ampezzo 2004}) 12... Bf5 13. O-O Rfd8 14. Qc3 ({White should try} 14. Rac1 $16) 14... Rac8 $14 15. Qa3 Bf8 {Threatens to win with ...e5.} 16. Qa4 (16. Qb3 $11) 16... Qe4 $15 17. Be3 Qc2 18. Bd1 Qxa4 19. Bxa4 Nb4 $36 {[%mdl 2048] Black fights for an advantage.} 20. a3 Nd5 21. Rfc1 Rxc1+ $1 22. Rxc1 Bd7 $1 {...a6 is the strong threat.} 23. Kf1 Nb6 $1 {[%cal Rb6a4]} 24. b3 Nxa4 25. bxa4 a6 26. Nc3 e6 27. Rb1 Bc6 ({Reject} 27... Bxa3 $6 28. Rxb7 Nd6 29. Rb3 $11) 28. Rb3 Bxf3 (28... Nd6 $19 29. Nd2 Nf5) 29. gxf3 $17 Rd7 $1 30. Ne4 Be7 31. Ke2 Nd8 32. Nc5 Bxc5 33. dxc5 {[%mdl 4096] Endgame KRB-KRN} Nc6 34. f4 Kf7 35. Rd3 ({White should play} 35. Rb1) 35... Rxd3 36. Kxd3 {KB-KN} Ke7 37. Bd2 (37. Bc1 $17 {might work better.}) 37... e5 $1 $19 38. fxe5 Nxe5+ 39. Ke4 {[#]} Ke6 $1 40. Bc1 (40. Bf4 $17 {was called for.}) 40... f5+ 41. Kd4 {[#]} Nf3+ $2 (41... g5 $1 $19 {[%mdl 512]} 42. Ke3 (42. Bxg5 Nf3+) 42... Kd5) 42. Kc4 $2 (42. Ke3 $17 Ne5 43. f4) 42... Ng1 43. h4 Nf3 44. Bg5 $2 (44. c6 bxc6 45. Kc5) 44... h5 45. Bd8 {[#]} g5 $1 {[%mdl 512]} 46. Kd3 (46. Bxg5 Nxg5) 46... g4 47. Ke3 Kd7 (47... Ne5 $142 48. Kf4 Nd3+ {[%mdl 64] Double Attack} 49. Ke3 Nxc5) 48. Bf6 Ke6 (48... Ne1 $142 49. Kf4 Ke6) 49. Bd8 Ne5 50. Bc7 Ng6 51. Bd8 Kd5 52. Bb6 $2 (52. f3 f4+ 53. Kf2) 52... f4+ {Accuracy: White = 32%, Black = 61%.} 0-1

[Event "EIRCC 2019"]
[Site "Tallinn"]
[Date "2019.12.05"]
[Round "7.10"]
[White "Frischmann, Rick"]
[Black "Demidov, Mikhail"]
[Result "0-1"]
[WhiteElo "2375"]
[BlackElo "2635"]
[Annotator "TA"]
[PlyCount "70"]
[EventDate "2019.12.05"]
[EventType "swiss"]
[EventCountry "EST"]
[SourceTitle "playchess.com"]
[Source "ChessBase"]
[SourceQuality "1"]

{[%evp 9,70,43,50,35,51,25,27,27,62,63,110,74,103,73,82,18,150,123,91,55,70,49,62,58,96,48,48,-68,-69,-169,-171,-174,-183,-205,-128,-139,-142,-257,-247,-331,-312,-316,-282,-409,-407,-761,-762,-749,-758,-1025,-1003,-1024,-1024,-1024,-1020,-1010,-998,-1225,-1223,-1191,-1127,-984,-984]} 1. e4 g6 2. d4 Bg7 3. Nf3 a6 (3... d6 4. Be3 Nf6 5. Nc3 O-O 6. Qd2 Nc6 7. d5 Nb8 8. Bh6 c6 9. Bxg7 Kxg7 10. O-O-O cxd5 11. exd5 Bg4 12. Be2 Nbd7 13. Rhe1 Rc8 14. Nd4 Bxe2 15. Rxe2 {0-1 (36) Giri,A (2780)-Xiong,J (2707) Khanty-Mansiysk 2019}) 4. c4 d6 5. Nc3 Bg4 6. Be3 {B06: Modern Defence} Nc6 7. d5 Ne5 8. Be2 {White has an edge.} Bxf3 9. gxf3 Nf6 $146 ({Predecessor:} 9... c5 10. f4 Nd7 11. Qd2 Ngf6 12. h4 {0-1 (28) Schleining,Z (2375)-Paehtz,E (2473) Kutansi 2015}) 10. f4 Ned7 11. h4 c6 12. h5 (12. dxc6 $16 bxc6 13. Qc2) 12... Rg8 (12... Nxh5 $11 {remains equal.} 13. Bxh5 Bxc3+ 14. bxc3 gxh5) 13. hxg6 hxg6 14. Rc1 cxd5 15. cxd5 Rc8 16. Qd2 b5 17. a3 Nc5 18. Qc2 (18. Bxc5 $1 $14 Rxc5 19. b4) 18... Ncxe4 $1 $15 {[%mdl 64] [#] Pin} 19. Bf3 ({White should try} 19. Qb3 $15) 19... Nxc3 $19 20. bxc3 Nd7 21. Bd2 Nb6 22. f5 {[#]} g5 $1 {[%mdl 512]} 23. Ke2 (23. Rh7 $17 {keeps fighting.}) (23. Bxg5 Bxc3+) 23... Bf6 24. Rh7 g4 25. Be4 Qc7 26. Qd3 (26. Be3 $142) 26... Nc4 27. a4 (27. Rc2 $142) 27... Nxd2 {Black is clearly winning.} 28. Qxd2 Bg5 {[%mdl 64] Skewer} 29. Rh8 Bxd2 30. Rxg8+ Kd7 31. Rxc8 Kxc8 32. Kxd2 bxa4 33. Ra1 Qb6 {Hoping for ...Qb2+.} 34. Rxa4 Qxf2+ 35. Kd3 g3 {Accuracy: White = 17%, Black = 75%.} 0-1

[Event "EIRCC 2019"]
[Site "Tallinn"]
[Date "2019.12.05"]
[Round "7.11"]
[White "Andriasian, Zaven"]
[Black "Kozak, Adam"]
[Result "1/2-1/2"]
[WhiteElo "2633"]
[BlackElo "2240"]
[Annotator "TA"]
[PlyCount "71"]
[EventDate "2019.12.05"]
[EventType "swiss"]
[EventCountry "EST"]
[SourceTitle "playchess.com"]
[Source "ChessBase"]
[SourceQuality "1"]

{[%evp 13,71,33,44,0,9,-15,32,0,23,0,33,4,70,81,84,79,62,78,79,6,6,7,5,6,21,16,23,0,0,0,3,0,4,0,0,0,0,0,0,-8,0,0,0,0,0,0,0,0,0,0,0,0,1,0,0,0,0,0,0,0]} 1. e4 e5 2. Nf3 Nc6 3. Bc4 Nf6 4. d3 h6 5. c3 d6 6. Nbd2 g6 7. O-O Bg7 8. d4 {C55: Two Knights: 4 d3, 4 d4 exd4 5 e5 and Max Lange Attack} O-O 9. Re1 Re8 10. Bd3 $146 {White is slightly better.} ({Predecessor:} 10. a4 exd4 11. cxd4 d5 12. exd5 Rxe1+ 13. Qxe1 Nb4 14. Qd1 Nbxd5 15. Ne5 c6 {1-0 (31) Ganguly,S (2668)-Howell,D (2644) Doha 2016}) 10... Nh5 {[%cal Re5d4]} 11. Nb3 Qf6 {[%cal Re5d4]} 12. Bb5 Bd7 (12... Bg4 $11) 13. dxe5 $14 Nxe5 14. Nxe5 Bxb5 15. Ng4 {[%mdl 64] Double Attack} Qh4 {[#]} 16. Nxh6+ (16. Nd4 $1 $16 {[%cal Rd4b5]} Ba4 17. Nxh6+ (17. Qxa4 Qxg4 18. h3 Qc8 $11) 17... Bxh6 18. Qxa4 Bxc1 19. Raxc1) 16... Bxh6 $11 17. Bxh6 {next Nd4 is good for White.} Rxe4 18. Nd4 Bc6 19. Nxc6 {Strongly threatening Rxe4.} bxc6 20. Qd2 Rae8 {The position is equal.} 21. Rxe4 Qxe4 22. Be3 a6 23. b4 f5 24. h3 f4 25. Bd4 Qe2 26. Qc1 (26. Qxe2 {with more complications.} Rxe2 27. Kf1 Rc2 28. a4 Kf7 29. Re1) 26... Qd3 27. Qb1 Qxb1+ 28. Rxb1 {[%mdl 4096] Endgame KRB-KRN} Re2 29. a4 Kf7 30. Kf1 Rc2 31. Re1 Nf6 32. Re2 Rc1+ 33. Re1 Rc2 34. Re2 Rc1+ 35. Re1 Rc2 36. Re2 {Accuracy: White = 53%, Black = 40%.} 1/2-1/2

[Event "EIRCC 2019"]
[Site "Tallinn"]
[Date "2019.12.05"]
[Round "7.12"]
[White "Nguyen, Thai Dai Van"]
[Black "Lysyj, Igor"]
[Result "1/2-1/2"]
[WhiteElo "2364"]
[BlackElo "2599"]
[Annotator "ChessBase"]
[PlyCount "85"]
[EventDate "2019.12.05"]
[EventType "swiss"]
[EventCountry "EST"]
[SourceTitle "playchess.com"]
[Source "ChessBase"]
[SourceQuality "1"]
[TimeControl "900+10"]

1. d4 {[%emt 0:00:00]} d5 {[%emt 0:00:00]} 2. c4 {[%emt 0:00:00]} e6 {[%emt 0:00:00]} 3. Nc3 {[%emt 0:00:00]} dxc4 {[%emt 0:00:00]} 4. e4 {[%emt 0:00:01]} c5 {[%emt 0:00:00]} 5. d5 {[%emt 0:00:02]} Nf6 {[%emt 0:00:06]} 6. Bxc4 {[%emt 0:00:02]} exd5 {[%emt 0:00:02]} 7. Nxd5 {[%emt 0:01:07]} Be6 {[%emt 0:00:01]} 8. Nxf6+ {[%emt 0:06:35]} Qxf6 {[%emt 0:00:02]} 9. Bb5+ {[%emt 0:00:11]} Nd7 {[%emt 0:01:53]} 10. Ne2 {[%emt 0:00:55]} a6 {[%emt 0:01:02]} 11. Bxd7+ {[%emt 0:00:02]} Bxd7 {[%emt 0:00:02]} 12. Nc3 {[%emt 0:00:20]} Bd6 {[%emt 0:00:56]} 13. O-O {[%emt 0:01:35]} O-O {[%emt 0:00:56]} 14. Be3 {[%emt 0:00:51]} Rfd8 {[%emt 0:03:52]} 15. Qh5 {[%emt 0:00:31]} Qg6 {[%emt 0:00:37]} 16. Qxg6 {[%emt 0:00:16]} hxg6 {[%emt 0:00:01]} 17. Rfd1 {[%emt 0:01:28]} Bc6 {[%emt 0:00:40]} 18. Nd5 {[%emt 0:00:01]} Bf8 {[%emt 0:01:28]} 19. Nb6 {[%emt 0:00:50]} Rxd1+ {[%emt 0:00:37]} 20. Rxd1 {[%emt 0:00:02]} Re8 {[%emt 0:00:03]} 21. Nd7 {[%emt 0:01:05]} Rxe4 {[%emt 0:02:31]} 22. Nxf8 {[%emt 0:00:06]} Kxf8 {[%emt 0:00:03]} 23. Bxc5+ {[%emt 0:00:07]} Kg8 {[%emt 0:00:01]} 24. Be3 {[%emt 0:01:03]} Rg4 {[%emt 0:00:08]} 25. g3 {[%emt 0:00:07]} Rc4 {[%emt 0:00:06]} 26. Rc1 {[%emt 0:00:32]} Re4 {[%emt 0:00:02]} 27. Rc3 {[%emt 0:00:13]} f6 {[%emt 0:00:03]} 28. f3 {[%emt 0:00:05]} Ra4 {[%emt 0:00:08]} 29. Ra3 {[%emt 0:00:50]} Rc4 {[%emt 0:02:00]} 30. Rc3 {[%emt 0:00:03]} Rxc3 {[%emt 0:00:00]} 31. bxc3 {[%emt 0:00:01]} Bxf3 {[%emt 0:00:02]} 32. a4 {[%emt 0:00:18]} Kf7 {[%emt 0:00:23]} 33. Kf2 {[%emt 0:00:08]} Bd5 {[%emt 0:00:07]} 34. h4 {[%emt 0:00:25]} Ke6 {[%emt 0:00:03]} 35. Bc5 {[%emt 0:00:20]} Bc6 {[%emt 0:00:31]} 36. a5 {[%emt 0:00:02]} Bb5 {[%emt 0:00:13]} 37. Ke3 {[%emt 0:00:25]} Kf7 {[%emt 0:00:10]} 38. Kf4 {[%emt 0:00:12]} Bc6 {[%emt 0:00:01]} 39. Ke3 {[%emt 0:00:19]} g5 {[%emt 0:00:04]} 40. hxg5 {[%emt 0:00:01]} fxg5 {[%emt 0:00:01]} 41. Bd4 {[%emt 0:00:16]} g6 {[%emt 0:00:02]} 42. Bb6 {[%emt 0:00:05]} Ke6 {[%emt 0:00:01]} 43. Kd4 {[%emt 0:00:11] Ke5+} 1/2-1/2

[Event "EIRCC 2019"]
[Site "Tallinn"]
[Date "2019.12.05"]
[Round "7.13"]
[White "Sebenik, Matej"]
[Black "Pohjala, Henri"]
[Result "1-0"]
[WhiteElo "2504"]
[BlackElo "2418"]
[Annotator "ChessBase"]
[PlyCount "39"]
[EventDate "2019.12.05"]
[EventType "swiss"]
[EventCountry "EST"]
[SourceTitle "playchess.com"]
[Source "ChessBase"]
[SourceQuality "1"]
[TimeControl "900+10"]

1. Nf3 {[%emt 0:00:00]} d5 {[%emt 0:00:00]} 2. d4 {[%emt 0:00:00]} Nf6 {[%emt 0:00:00]} 3. c4 {[%emt 0:00:00]} c6 {[%emt 0:00:00]} 4. Nc3 {[%emt 0:00:00]} a6 {[%emt 0:00:00]} 5. e3 {[%emt 0:00:01]} e6 {[%emt 0:00:00]} 6. b3 {[%emt 0:00:16]} Nbd7 {[%emt 0:00:00]} 7. Bd3 {[%emt 0:00:13]} b6 {[%emt 0:00:04]} 8. O-O {[%emt 0:00:05]} Bb7 {[%emt 0:00:02]} 9. Bb2 {[%emt 0:00:20]} Be7 {[%emt 0:01:04]} 10. Qc2 {[%emt 0:01:13]} O-O {[%emt 0:01:04]} 11. Ne5 {[%emt 0:00:02]} dxc4 {[%emt 0:01:09]} 12. bxc4 {[%emt 0:00:22]} c5 {[%emt 0:00:02]} 13. Rad1 {[%emt 0:00:13]} Qc7 {[%emt 0:00:34]} 14. Nxd7 {[%emt 0:00:08]} Qxd7 {[%emt 0:00:48]} 15. d5 {[%emt 0:00:01]} exd5 {[%emt 0:00:26]} 16. Nxd5 {[%emt 0:00:14]} Bxd5 {[%emt 0:01:24]} 17. cxd5 {[%emt 0:00:01]} h6 {[%emt 0:00:53]} 18. e4 {[%emt 0:00:59]} c4 {[%emt 0:02:41]} 19. Bxc4 {[%emt 0:00:43]} Rfc8 {[%emt 0:00:12]} 20. Qe2 {[%emt 0:00:40]} 1-0

[Event "EIRCC 2019"]
[Site "Tallinn"]
[Date "2019.12.05"]
[Round "7.14"]
[White "Postny, Evgeny"]
[Black "Smirnov, Artem"]
[Result "1-0"]
[WhiteElo "2598"]
[BlackElo "2337"]
[Annotator "ChessBase"]
[PlyCount "103"]
[EventDate "2019.12.05"]
[EventType "swiss"]
[EventCountry "EST"]
[SourceTitle "playchess.com"]
[Source "ChessBase"]
[SourceQuality "1"]
[TimeControl "900+10"]

1. d4 {[%emt 0:00:00]} Nf6 {[%emt 0:00:00]} 2. c4 {[%emt 0:00:00]} e6 {[%emt 0:00:00]} 3. Nf3 {[%emt 0:00:00]} Bb4+ {[%emt 0:00:00]} 4. Nbd2 {[%emt 0:00:01]} O-O {[%emt 0:00:19]} 5. a3 {[%emt 0:00:02]} Be7 {[%emt 0:00:04]} 6. e4 {[%emt 0:00:03]} d6 {[%emt 0:00:03]} 7. Be2 {[%emt 0:00:07]} Nfd7 {[%emt 0:00:37]} 8. b3 {[%emt 0:00:17]} e5 {[%emt 0:00:17]} 9. Bb2 {[%emt 0:00:06]} exd4 {[%emt 0:00:25]} 10. Nxd4 {[%emt 0:00:04]} Bf6 {[%emt 0:01:27]} 11. Qc2 {[%emt 0:00:14]} Nc6 {[%emt 0:00:47]} 12. N4f3 {[%emt 0:01:05]} Bxb2 {[%emt 0:03:00]} 13. Qxb2 {[%emt 0:00:02]} Qf6 {[%emt 0:00:54]} 14. Qxf6 {[%emt 0:00:41]} Nxf6 {[%emt 0:00:02]} 15. O-O-O {[%emt 0:01:16]} Ng4 {[%emt 0:05:54]} 16. Rhf1 {[%emt 0:00:14]} f5 {[%emt 0:00:01]} 17. h3 {[%emt 0:00:53]} Nge5 {[%emt 0:01:21]} 18. Nxe5 {[%emt 0:00:36]} dxe5 {[%emt 0:01:56]} 19. exf5 {[%emt 0:00:28]} Bxf5 {[%emt 0:00:03]} 20. Bf3 {[%emt 0:00:58]} Nd4 {[%emt 0:00:02]} 21. Bd5+ {[%emt 0:00:33]} Kh8 {[%emt 0:00:06]} 22. Nf3 {[%emt 0:01:43]} Nxb3+ {[%emt 0:01:05]} 23. Kb2 {[%emt 0:00:01]} Nc5 {[%emt 0:00:02]} 24. Nxe5 {[%emt 0:00:04]} c6 {[%emt 0:00:23]} 25. Bf3 {[%emt 0:00:35]} Rae8 {[%emt 0:00:08]} 26. Rfe1 {[%emt 0:00:03]} Kg8 {[%emt 0:00:04]} 27. Kc3 {[%emt 0:00:42]} g6 {[%emt 0:00:06]} 28. Re3 {[%emt 0:01:45]} Kg7 {[%emt 0:00:06]} 29. h4 {[%emt 0:00:33]} Rd8 {[%emt 0:00:19]} 30. Rxd8 {[%emt 0:01:45]} Rxd8 {[%emt 0:00:00]} 31. g4 {[%emt 0:00:03]} Be6 {[%emt 0:00:16]} 32. Be2 {[%emt 0:00:05]} a5 {[%emt 0:00:11]} 33. Nd3 {[%emt 0:01:05]} Nxd3 {[%emt 0:00:12]} 34. Bxd3 {[%emt 0:00:02]} Kf7 {[%emt 0:00:11]} 35. g5 {[%emt 0:00:24]} b6 {[%emt 0:00:13]} 36. f4 {[%emt 0:00:35]} c5 {[%emt 0:00:04]} 37. h5 {[%emt 0:00:04]} Bg4 {[%emt 0:00:17]} 38. hxg6+ {[%emt 0:01:18]} hxg6 {[%emt 0:00:01]} 39. Re1 {[%emt 0:00:23]} Rd4 {[%emt 0:00:16]} 40. Be4 {[%emt 0:00:06]} Kg7 {[%emt 0:00:14]} 41. Bd5 {[%emt 0:00:28]} Kf8 {[%emt 0:00:11]} 42. Rb1 {[%emt 0:00:11]} Rxf4 {[%emt 0:00:10]} 43. Rxb6 {[%emt 0:00:02]} Bf5 {[%emt 0:00:03]} 44. Rc6 {[%emt 0:00:19]} Rg4 {[%emt 0:00:05]} 45. Rxc5 {[%emt 0:00:02]} Rg3+ {[%emt 0:00:10]} 46. Kd4 {[%emt 0:00:02]} Rxa3 {[%emt 0:00:18]} 47. Ke5 {[%emt 0:00:02]} Ke7 {[%emt 0:00:15]} 48. Rc7+ {[%emt 0:00:04]} Ke8 {[%emt 0:00:08]} 49. c5 {[%emt 0:00:28]} a4 {[%emt 0:00:10]} 50. Ra7 {[%emt 0:00:09]} Re3+ {[%emt 0:00:09]} 51. Kd6 {[%emt 0:00:05]} a3 {[%emt 0:00:03]} 52. Ra8+ {[%emt 0:00:03]} 1-0

[Event "EIRCC 2019"]
[Site "Tallinn"]
[Date "2019.12.05"]
[Round "7.15"]
[White "Seeman, Tarvo"]
[Black "Sanal, Vahap"]
[Result "1-0"]
[WhiteElo "2325"]
[BlackElo "2597"]
[Annotator "ChessBase"]
[PlyCount "101"]
[EventDate "2019.12.05"]
[EventType "swiss"]
[EventCountry "EST"]
[SourceTitle "playchess.com"]
[Source "ChessBase"]
[SourceQuality "1"]
[TimeControl "900+10"]

1. Nf3 {[%emt 0:00:00]} g6 {[%emt 0:00:00]} 2. g3 {[%emt 0:00:01]} Bg7 {[%emt 0:00:00]} 3. d4 {[%emt 0:00:02]} c5 {[%emt 0:00:11]} 4. c3 {[%emt 0:00:01]} Qc7 {[%emt 0:01:15]} 5. Bg2 {[%emt 0:00:04]} Nf6 {[%emt 0:00:02]} 6. O-O {[%emt 0:00:06]} O-O {[%emt 0:00:04]} 7. a4 {[%emt 0:01:08]} d6 {[%emt 0:00:37]} 8. Na3 {[%emt 0:00:11]} Nbd7 {[%emt 0:00:15]} 9. Re1 {[%emt 0:00:24]} Ne4 {[%emt 0:01:27]} 10. Ng5 {[%emt 0:00:32]} Nxg5 {[%emt 0:00:10]} 11. Bxg5 {[%emt 0:00:04]} Re8 {[%emt 0:00:43]} 12. Qd2 {[%emt 0:01:31]} a6 {[%emt 0:00:43]} 13. Bh6 {[%emt 0:00:50]} Bh8 {[%emt 0:00:10]} 14. b4 {[%emt 0:05:45]} cxb4 {[%emt 0:06:19]} 15. cxb4 {[%emt 0:00:03]} Rb8 {[%emt 0:00:01]} 16. Rac1 {[%emt 0:00:51]} Qd8 {[%emt 0:00:03]} 17. Nc4 {[%emt 0:00:47]} b6 {[%emt 0:00:22]} 18. Bc6 {[%emt 0:01:26]} Bb7 {[%emt 0:02:35]} 19. d5 {[%emt 0:00:24]} Bxc6 {[%emt 0:00:56]} 20. dxc6 {[%emt 0:00:02]} Nf6 {[%emt 0:00:02]} 21. b5 {[%emt 0:00:45]} Qc7 {[%emt 0:00:13]} 22. e4 {[%emt 0:01:52]} Red8 {[%emt 0:00:26]} 23. Bf4 {[%emt 0:00:15]} axb5 {[%emt 0:01:08]} 24. axb5 Ne8 {[%emt 0:00:02]} 25. Be3 {[%emt 0:00:13]} Ng7 {[%emt 0:00:27]} 26. Bd4 {[%emt 0:00:49]} Ne6 {[%emt 0:00:23]} 27. Bxh8 {[%emt 0:00:02]} Kxh8 {[%emt 0:00:01]} 28. Ne3 {[%emt 0:00:10]} Rdc8 {[%emt 0:00:15]} 29. Nd5 {[%emt 0:00:07]} Qd8 {[%emt 0:00:01]} 30. Ra1 {[%emt 0:00:09]} Nc7 {[%emt 0:00:23]} 31. Nxc7 {[%emt 0:00:14]} Rxc7 {[%emt 0:00:02]} 32. Ra6 {[%emt 0:00:08]} Kg8 {[%emt 0:00:03]} 33. h4 {[%emt 0:00:13]} h5 {[%emt 0:00:09]} 34. Rd1 {[%emt 0:00:12]} Qc8 {[%emt 0:00:01]} 35. Rda1 {[%emt 0:00:09]} f5 {[%emt 0:00:45]} 36. e5 {[%emt 0:00:10]} Qe6 {[%emt 0:00:11]} 37. exd6 {[%emt 0:00:02]} exd6 {[%emt 0:00:01]} 38. Re1 {[%emt 0:00:05]} Qc4 {[%emt 0:00:09]} 39. Qxd6 {[%emt 0:00:12]} Qc3 {[%emt 0:00:11]} 40. Raa1 {[%emt 0:00:19]} Qg7 {[%emt 0:00:01]} 41. Ra7 {[%emt 0:00:42]} Rbc8 {[%emt 0:00:20]} 42. Rxc7 {[%emt 0:00:02]} Rxc7 {[%emt 0:00:01]} 43. Qe5 {[%emt 0:00:26]} Qxe5 {[%emt 0:00:31]} 44. Rxe5 {[%emt 0:00:02]} Kf7 {[%emt 0:00:00]} 45. Rd5 {[%emt 0:00:15]} Ra7 {[%emt 0:00:04]} 46. Rd8 {[%emt 0:00:06]} Ke7 {[%emt 0:00:06]} 47. Rb8 {[%emt 0:00:03]} Kd6 {[%emt 0:00:02]} 48. Rxb6 {[%emt 0:00:04]} Kc7 {[%emt 0:00:09]} 49. Ra6 {[%emt 0:00:19]} Rxa6 {[%emt 0:00:01]} 50. bxa6 {[%emt 0:00:01]} Kxc6 {[%emt 0:00:01]} 51. Kg2 {[%emt 0:00:04]} 1-0

[Event "EIRCC 2019"]
[Site "Tallinn"]
[Date "2019.12.05"]
[Round "7.16"]
[White "Shubin, Kirill"]
[Black "Aleksandrov, Aleksej"]
[Result "1-0"]
[WhiteElo "2321"]
[BlackElo "2576"]
[Annotator "ChessBase"]
[PlyCount "97"]
[EventDate "2019.12.05"]
[EventType "swiss"]
[EventCountry "EST"]
[SourceTitle "playchess.com"]
[Source "ChessBase"]
[SourceQuality "1"]
[TimeControl "900+10"]

1. e4 {[%emt 0:00:00]} e5 {[%emt 0:00:00]} 2. Nf3 {[%emt 0:00:00]} Nc6 {[%emt 0:00:00]} 3. Bb5 {[%emt 0:00:00]} a6 {[%emt 0:00:00]} 4. Ba4 {[%emt 0:00:00]} Nf6 {[%emt 0:00:00]} 5. O-O {[%emt 0:00:00]} Be7 {[%emt 0:00:00]} 6. Re1 {[%emt 0:00:00]} b5 {[%emt 0:00:00]} 7. Bb3 {[%emt 0:00:01]} d6 {[%emt 0:00:00]} 8. c3 {[%emt 0:00:00]} O-O {[%emt 0:00:00]} 9. h3 {[%emt 0:00:01]} Nb8 {[%emt 0:00:00]} 10. d4 {[%emt 0:00:07]} Nbd7 {[%emt 0:00:01]} 11. Nbd2 {[%emt 0:00:02]} c5 {[%emt 0:00:02]} 12. d5 {[%emt 0:00:05]} c4 {[%emt 0:00:09]} 13. Bc2 {[%emt 0:00:02]} Nc5 {[%emt 0:00:11]} 14. b4 {[%emt 0:00:55]} cxb3 {[%emt 0:00:01]} 15. axb3 {[%emt 0:00:02]} Bd7 {[%emt 0:00:01]} 16. Ba3 {[%emt 0:01:11]} Qc7 {[%emt 0:01:19]} 17. c4 {[%emt 0:00:25]} a5 {[%emt 0:00:05]} 18. cxb5 {[%emt 0:01:47]} Bxb5 {[%emt 0:00:02]} 19. Nf1 {[%emt 0:00:12]} Rfc8 {[%emt 0:00:13]} 20. Ng3 {[%emt 0:00:23]} Bf8 {[%emt 0:00:23]} 21. Qd2 {[%emt 0:00:57]} Nfd7 {[%emt 0:01:14]} 22. Rec1 {[%emt 0:00:35]} Qb6 {[%emt 0:00:02]} 23. Bb2 {[%emt 0:00:57]} g6 {[%emt 0:00:32]} 24. Ra3 {[%emt 0:00:42]} Nb7 {[%emt 0:02:22]} 25. Rca1 {[%emt 0:00:13]} Bh6 {[%emt 0:00:34]} 26. Qd1 {[%emt 0:00:53]} Rc7 {[%emt 0:00:01]} 27. Ne1 {[%emt 0:01:40]} Rac8 {[%emt 0:00:18]} 28. Ne2 {[%emt 0:01:12]} Ndc5 {[%emt 0:01:55]} 29. Nc3 {[%emt 0:00:32]} Bd7 {[%emt 0:00:02]} 30. Bd3 {[%emt 0:02:58]} a4 {[%emt 0:01:17]} 31. b4 {[%emt 0:01:19]} Qxb4 {[%emt 0:00:04]} 32. Rb1 {[%emt 0:00:11]} Nb3 {[%emt 0:01:39]} 33. Nc2 {[%emt 0:00:23]} Qa5 {[%emt 0:00:19]} 34. Na2 {[%emt 0:00:16]} N7c5 {[%emt 0:00:16]} 35. Bc3 {[%emt 0:00:29]} Qb6 {[%emt 0:00:21]} 36. Na1 {[%emt 0:00:29]} Nxd3 {[%emt 0:02:02]} 37. Qxd3 {[%emt 0:00:01]} Bb5 {[%emt 0:00:03]} 38. Qf3 {[%emt 0:00:51]} Nxa1 {[%emt 0:02:55]} 39. Bxa1 {[%emt 0:00:05]} Qa6 {[%emt 0:00:15]} 40. Nc3 {[%emt 0:00:21]} Be8 {[%emt 0:00:08]} 41. Kh2 {[%emt 0:00:40]} Qa5 {[%emt 0:00:02]} 42. Qf6 {[%emt 0:00:19]} Qc5 {[%emt 0:00:02]} 43. Bb2 {[%emt 0:00:17]} Rb8 {[%emt 0:00:24]} 44. Nxa4 {[%emt 0:00:17]} Bxa4 {[%emt 0:00:55]} 45. Rxa4 {[%emt 0:00:01]} Qc2 {[%emt 0:00:01]} 46. Bxe5 {[%emt 0:00:08]} Bf4+ 47. Bxf4 {[%emt 0:00:01]} Qxb1 {[%emt 0:01:47]} 48. Bh6 {[%emt 0:00:04]} Qb2 {[%emt 0:00:17]} 49. Qxb2 {[%emt 0:00:03]} 1-0